Ship performance : some technical and commercial aspects / (Record no. 11951)

000 -LEADER
fixed length control field 00395nam a2200133 4500
008 - FIXED-LENGTH DATA ELEMENTS--GENERAL INFORMATION
fixed length control field 210115b ||||| |||| 00| 0 eng d
082 00 - DEWEY DECIMAL CLASSIFICATION NUMBER
Classification number 623.82
Item number H8931
100 ## - MAIN ENTRY--PERSONAL NAME
9 (RLIN) 4208
Personal name Hughes, C. N.
245 10 - TITLE STATEMENT
Title Ship performance : some technical and commercial aspects /
260 ## - PUBLICATION, DISTRIBUTION, ETC. (IMPRINT)
Place of publication, distribution, etc London:
Name of publisher, distributor, etc LLP,
Date of publication, distribution, etc 1987.
300 ## - PHYSICAL DESCRIPTION
Extent ix,112 p.
650 #0 - SUBJECT ADDED ENTRY--TOPICAL TERM
Topical term or geographic name as entry element Ships-Cost of Operation
942 ## - ADDED ENTRY ELEMENTS (KOHA)
Source of classification or shelving scheme
Item type Books
Holdings
Withdrawn status Lost status Source of classification or shelving scheme Damaged status Not for loan Permanent location Current location Date acquired Total Checkouts Full call number Barcode Date last seen Date last borrowed Koha item type
          IMU Kolkata IMU Kolkata 2021-01-15 1 623.82 H8931 08453 2022-09-14 2022-08-26 Books
Designed and Maintained by IMU-KC Library, Kolkata Campus © Copyright All Rights Reserved

webs counters

Powered by Koha